| 000 | 01110cam a2200313 i 4500 | ||
|---|---|---|---|
| 001 | 20755033 | ||
| 003 | OSt | ||
| 005 | 20240221104859.0 | ||
| 008 | 181126s2019 nyua b 001 0 eng | ||
| 010 | _a 2018056326 | ||
| 020 | _a9781138055872 | ||
| 020 | _a9781138055889 | ||
| 020 | _z9781315165660 | ||
| 040 |
_aDLC _beng _cDLC _erda _dDLC |
||
| 042 | _apcc | ||
| 050 | 0 | 0 |
_aNA2750 _b.C49 2019 |
| 082 | 0 | 0 |
_a729 _223 _bCHR |
| 100 | 1 |
_aChristenson, Mike, _eauthor. _9121008 |
|
| 245 | 1 | 0 |
_aTheories and practices of architectural representation / _cMichael Christenson. |
| 260 |
_aNew york: _bRoutledge; _c2019. |
||
| 300 |
_axii,188 pages : _billustrations ; _c24 cm |
||
| 504 | _aIncludes bibliographical references and index. | ||
| 650 | 0 |
_aArchitectural design _xPhilosophy. _934140 |
|
| 650 | 0 |
_aCommunication in architectural design. _932556 |
|
| 906 |
_a7 _bcbc _corignew _d1 _eecip _f20 _gy-gencatlg |
||
| 942 |
_2ddc _cBK _aSADA _k729 CHR 2019 |
||
| 999 |
_c607971 _d607971 |
||